Examen de la crisis actual, con ocasión del opúsculo publicado por... D. Vicente Vázquez Queipo / (Record no. 154835)

MARC details
000 -LEADER
campo de control de longitud fija 00954nam a2200217 i 4500
001 - NÚMERO DE CONTROL
campo de control 154835
003 - IDENTIFICADOR DE NÚMERO DE CONTROL
campo de control ES-MaACL
005 - FECHA Y HORA DE LA ÚLTIMA TRANSACCIÓN
campo de control 20231204183049.0
008 - DATOS DE LONGITUD FIJA--INFORMACIÓN GENERAL
campo de control de longitud fija 931025s1866 sp |||| | spa d
080 ## - NÚMERO DE LA CLASIFICACIÓN DECIMAL UNIVERSAL
Número de la Clasificación Decimal Universal 338(460)"18"
100 1# - ENTRADA PRINCIPAL--NOMBRE DE PERSONA
Nombre de persona Güell y Ferrer, Juan (
Fechas asociadas al nombre 1800-1872)
9 (RLIN) 127737
245 10 - MENCIÓN DEL TÍTULO
Título Examen de la crisis actual, con ocasión del opúsculo publicado por... D. Vicente Vázquez Queipo /
Mención de responsabilidad, etc. por D. Juan Güell y Ferrer.
260 ## - PUBLICACIÓN, DISTRIBUCIÓN, ETC.
Lugar de publicación, distribución, etc. Barcelona :
Nombre del editor, distribuidor, etc. [s.n.],
Fecha de publicación, distribución, etc. 1866 (
Fabricante Imp. de Narciso Ramírez y Compañía)
300 ## - DESCRIPCIÓN FÍSICA
Extensión 128 p. ;
Dimensiones 26 cm.
530 ## - NOTA DISPONIBLE DE FORMULARIO FÍSICO ADICIONAL
Nota de formato físico adicional disponible Disponible en formato digital.
651 #4 - PUNTO DE ACCESO ADICIONAL DE MATERIA--NOMBRE GEOGRÁFICO
Nombre geográfico España-
Subdivisión general Situación económica-
Subdivisión cronológica S.XIX.
9 (RLIN) 8504
700 1# - ENTRADA AGREGADA--NOMBRE PERSONAL
Nombre de persona Vázquez Queipo, Vicente,
Fechas asociadas al nombre 1804-1893
9 (RLIN) 113475
852 4# - LOCALIZACIÓN
Ubicación ES-MaACL
Número de control de estantería T-60-F-4
Nota libre - Enc. hol.
-- - Enc. en un vol. facticio
856 4# - LOCALIZACIÓN Y ACCESO ELECTRÓNICOS
Identificador Uniforme de Recursos <a href="https://bibliotecadigital.jcyl.es/es/consulta/registro.do?id=24183">https://bibliotecadigital.jcyl.es/es/consulta/registro.do?id=24183</a>
Nota pública Biblioteca Digital de Castilla y León
Holdings
Estatus retirado Estado de pérdida Estado de daño No para préstamo Colección Biblioteca de origen Biblioteca actual Ubicación en estantería Fecha de adquisición Total de préstamos Signatura topográfica completa Código de barras Visto por última vez Precio de reemplazo Tipo de ítem Koha
        Colección de folletos Biblioteca del Ateneo de Madrid Biblioteca del Ateneo de Madrid Depósito folletos 17/01/2008   T-60-F-4 1161955 23/02/2023 23/02/2023 Folleto